[Event "RUS-chT2"]
[Site "Sochi"]
[Date "2019.05.07"]
[Round "6.3"]
[White "Nazaretyan, Tigran"]
[Black "Mamedov, Elmin"]
[Result "1/2-1/2"]
[WhiteElo "2309"]
[BlackElo "2210"]
[PlyCount "100"]
[EventDate "2019.05.01"]
[EventType "team-swiss"]
[EventRounds "9"]
[EventCountry "RUS"]
[SourceTitle "CBM 190 Extra"]
[Source "ChessBase"]
[SourceDate "2019.07.15"]
[SourceVersion "1"]
[SourceVersionDate "2019.07.15"]
[SourceQuality "1"]
[WhiteTeam "Alania RNO"]
[BlackTeam "Moscow Law Faculty"]
[WhiteTeamCountry "RUS"]
[BlackTeamCountry "RUS"]

1. d4 Nf6 2. c4 c5 3. d5 d6 4. Nc3 g6 5. e4 Bg7 6. Bd3 e6 7. h3 exd5 8. cxd5 0-0 9. Nf3 b5 10. Bxb5 Nxe4 11. Nxe4 Qa5+ 12. Nfd2 Qxb5 13. Nxd6 Qa6 14. N2c4 Nd7 15. 0-0 Ne5 16. Nxc8 Raxc8 17. Nxe5 Bxe5 18. Re1 Qd6 19. Qf3 Rfd8 20. Bg5 Rd7 21. Qe2 f6 22. Bh6 Qxd5 23. Rad1 Qf7 24. Rxd7 Qxd7 25. b3 Qf7 26. Rc1 Bd4 27. Re1 Be5 28. Be3 c4 29. Rc1 c3 30. Qd3 Qc7 31. f4 Bxf4 32. Bxf4 Qxf4 33. Rxc3 Rxc3 34. Qxc3 Kg7 35. b4 Qd6 36. a3 Qb6+ 37. Kh2 h5 38. a4 Qd6+ 39. Qg3 Qxb4 40. Qc7+ Kh6 41. Qxa7 Qd6+ 42. Kg1 Qd1+ 43. Kf2 Qd2+ 44. Kf3 Qd3+ 45. Kf2 Qd2+ 46. Kg1 Qd1+ 47. Kh2 Qd6+ 48. Kh1 Qd1+ 49. Kh2 Qd6+ 50. Kh1 Qd1+ 1/2-1/2

[Event "RUS-chT blitz"]
[Site "Sochi"]
[Date "2018.10.10"]
[Round "12.9"]
[White "Mamedov, Elmin"]
[Black "Tekeyev, Zaur"]
[Result "0-1"]
[WhiteElo "2210"]
[BlackElo "2392"]
[PlyCount "102"]
[EventDate "2018.10.10"]
[EventType "team-swiss (blitz)"]
[EventRounds "15"]
[EventCountry "RUS"]
[SourceTitle "CBM 186 Extra"]
[Source "ChessBase"]
[SourceDate "2018.08.24"]
[SourceVersion "1"]
[SourceVersionDate "2018.08.24"]
[SourceQuality "1"]
[WhiteTeam "Moscow MGU Lawyers"]
[BlackTeam "Stavropol Region"]
[WhiteTeamCountry "RUS"]
[BlackTeamCountry "RUS"]

1. e4 c5 2. Ne2 Nc6 3. Nbc3 d6 4. g3 g6 5. Bg2 Bg7 6. 0-0 e6 7. d3 Nge7 8. f4 0-0 9. h3 Rb8 10. a4 b6 11. g4 f5 12. Ng3 Bb7 13. gxf5 exf5 14. Kh1 Qd7 15. Nd5 Nxd5 16. exd5 Nb4 17. c3 Nxd5 18. Qb3 Qf7 19. Bd2 Kh8 20. a5 Nxf4 21. Qxf7 Bxg2+ 22. Kh2 Rxf7 23. Rxf4 Bc6 24. axb6 axb6 25. Rff1 Kg8 26. Rfe1 Kf8 27. Bf4 Rd7 28. Ra7 Rxa7 29. Bxd6+ Kf7 30. Bxb8 Rd7 31. Rd1 Bb5 32. Kg2 Rxd3 33. Rxd3 Bxd3 34. Ba7 c4 35. Bxb6 Bh6 36. Bc5 Bc1 37. Ba3 Ke6 38. Kf3 Ke5 39. h4 h6 40. h5 g5 41. Ne2 g4+ 42. Kf2 Bxe2 43. Kxe2 Ke4 44. Bf8 f4 45. Kf2 f3 46. Bg7 Bf4 47. Bd4 g3+ 48. Kf1 Bc1 49. Bg7 Kf5 50. Kg1 Be3+ 51. Kf1 g2+ 0-1

[Event "RUS-chT2"]
[Site "Sochi"]
[Date "2018.05.01"]
[Round "1.10"]
[White "Mamedov, Elmin"]
[Black "Dilmukhametov, Artur"]
[Result "0-1"]
[WhiteElo "2179"]
[BlackElo "2348"]
[PlyCount "106"]
[EventDate "2018.05.01"]
[EventType "team-swiss"]
[EventRounds "9"]
[EventCountry "RUS"]
[SourceTitle "CBM 184 Extra"]
[Source "ChessBase"]
[SourceDate "2018.06.28"]
[SourceVersion "1"]
[SourceVersionDate "2018.06.28"]
[SourceQuality "1"]
[WhiteTeam "Moscow Law Faculty"]
[BlackTeam "Sverdlovsk Region"]
[WhiteTeamCountry "RUS"]
[BlackTeamCountry "RUS"]

1. e4 e6 2. d3 b6 3. Nd2 Bb7 4. Ngf3 d5 5. exd5 Bxd5 6. g3 Nf6 7. Bg2 Be7 8. 0-0 0-0 9. Qe2 c5 10. Ne4 Qc8 11. Nc3 Bc6 12. Ne5 Bxg2 13. Kxg2 Nfd7 14. Nf3 Nc6 15. Ne4 Qb7 16. Kg1 h6 17. Bd2 Rfe8 18. Bc3 e5 19. Ned2 Bf8 20. Qe4 Nf6 21. Qf5 g6 22. Qh3 Nd5 23. Rfe1 Bg7 24. Nc4 Rad8 25. Qg2 Nxc3 26. bxc3 e4 27. Rxe4 Rxe4 28. dxe4 Bxc3 29. Rf1 Nb4 30. e5 Nxc2 31. Nd6 Qd5 32. Nb5 Nd4 33. Nfxd4 Bxd4 34. Nxa7 Qxa2 35. Nc6 Rd7 36. Qh3 Qd5 37. Nxd4 cxd4 38. Re1 d3 39. Qxh6 d2 40. Rd1 Qb3 41. Rxd2 Qb1+ 42. Kg2 Qc1 43. e6 Rxd2 44. exf7+ Kxf7 45. Qh7+ Kf6 46. Qh8+ Ke7 47. Qg7+ Kd8 48. Qxg6 Kc7 49. Qg7+ Rd7 50. Qe5+ Kb7 51. h4 Qc6+ 52. Kh2 Qf3 53. Qe1 Rd1 0-1

[Event "EU-ch U16 24th"]
[Site "Batumi"]
[Date "2014.10.21"]
[Round "3"]
[White "Tavzarashvili, Giorgi"]
[Black "Mamedov, Elmin"]
[Result "0-1"]
[WhiteElo "1695"]
[BlackElo "2142"]
[PlyCount "54"]
[EventDate "2014.10.19"]
[EventType "swiss"]
[EventRounds "9"]
[EventCountry "GEO"]
[SourceTitle "EXT 2015"]
[Source "ChessBase"]
[SourceDate "2014.11.20"]
[SourceVersion "1"]
[SourceVersionDate "2014.11.20"]
[SourceQuality "1"]

1. e4 d6 2. d4 g6 3. Nc3 Bg7 4. g3 Nd7 5. Bg2 e5 6. Be3 Ne7 7. Nge2 0-0 8. 0-0 f5 9. dxe5 Nxe5 10. Nd5 c6 11. Nxe7+ Qxe7 12. exf5 Bxf5 13. Nd4 Bg4 14. Qc1 c5 15. Nb3 Bf3 16. Bh6 Qe6 17. Bxg7 Bxg2 18. Kxg2 Qd5+ 19. f3 Nxf3 20. Rxf3 Qxf3+ 21. Kg1 Qf2+ 22. Kh1 Kxg7 23. Qd2 Rae8 24. Qc3+ Kh6 25. g4 Re3 26. Qd2 Qxd2 27. Nxd2 Rf2 0-1

[Event "RUS-chT U20"]
[Site "Kaliningrad"]
[Date "2013.08.09"]
[Round "8"]
[White "Mamedov, Elmin"]
[Black "Malyshev, Grigory"]
[Result "1-0"]
[WhiteElo "2023"]
[BlackElo "2019"]
[PlyCount "69"]
[EventDate "2013.08.02"]
[EventType "team-swiss"]
[EventRounds "9"]
[EventCountry "RUS"]
[SourceTitle "EXT 2018"]
[Source "ChessBase"]
[SourceDate "2017.10.13"]
[SourceVersion "1"]
[SourceVersionDate "2017.10.13"]
[SourceQuality "1"]

1. e4 e6 2. Qe2 d5 3. d3 c5 4. Nf3 Nc6 5. g3 Be7 6. Bg2 Nf6 7. e5 Nd7 8. 0-0 0-0 9. c4 dxc4 10. dxc4 b6 11. Nc3 Bb7 12. Rd1 Na5 13. Bf4 a6 14. Ne4 Bc6 15. h4 Qc8 16. Bg5 Bxg5 17. Nd6 Qc7 18. Nxg5 h6 19. Bxc6 Nxc6 20. Nf3 Rad8 21. Qe4 f5 22. exf6 Rxf6 23. Rd3 Nf8 24. Rad1 Nb4 25. R3d2 e5 26. Nf5 Rxd2 27. Rxd2 Nc6 28. g4 Ne6 29. g5 hxg5 30. hxg5 Rf7 31. Rd6 Ncd4 32. N3xd4 Nxd4 33. g6 Rxf5 34. Qa8+ Rf8 35. Qd5+ 1-0

[Event "RUS-chT U20"]
[Site "Kaliningrad"]
[Date "2013.08.08"]
[Round "7"]
[White "Payanidi, Janis"]
[Black "Mamedov, Elmin"]
[Result "1-0"]
[WhiteElo "2047"]
[BlackElo "2023"]
[PlyCount "83"]
[EventDate "2013.08.02"]
[EventType "team-swiss"]
[EventRounds "9"]
[EventCountry "RUS"]
[SourceTitle "EXT 2018"]
[Source "ChessBase"]
[SourceDate "2017.10.13"]
[SourceVersion "1"]
[SourceVersionDate "2017.10.13"]
[SourceQuality "1"]

1. e4 e5 2. Nf3 Nc6 3. Bb5 a6 4. Ba4 Nf6 5. Qe2 b5 6. Bb3 Be7 7. 0-0 0-0 8. c3 d6 9. Rd1 Na5 10. Bc2 c5 11. d4 Qc7 12. h3 cxd4 13. cxd4 Bb7 14. b3 Nc6 15. a3 exd4 16. Bb2 Rac8 17. Bd3 Ne5 18. Rc1 Qb8 19. Nbd2 d5 20. Nxe5 Qxe5 21. Nf3 Qh5 22. e5 Ne4 23. Bxd4 Nc5 24. Qd1 Ne6 25. Be2 Nf4 26. Qd2 Nxe2+ 27. Qxe2 Rxc1+ 28. Rxc1 Bxa3 29. Rc7 Bc8 30. e6 Qf5 31. exf7+ Kh8 32. b4 Qb1+ 33. Kh2 Qg6 34. Bc5 Bc1 35. Bxf8 Bf4+ 36. g3 Bxc7 37. Qe8 Bxg3+ 38. fxg3 Qc2+ 39. Kh1 Qb1+ 40. Ng1 h6 41. Bc5+ Kh7 42. f8Q 1-0

[Event "RUS-chT U20"]
[Site "Kaliningrad"]
[Date "2013.08.07"]
[Round "6"]
[White "Mamedov, Elmin"]
[Black "Gusarov, Aleksey"]
[Result "1/2-1/2"]
[WhiteElo "2023"]
[BlackElo "2041"]
[PlyCount "97"]
[EventDate "2013.08.02"]
[EventType "team-swiss"]
[EventRounds "9"]
[EventCountry "RUS"]
[SourceTitle "EXT 2018"]
[Source "ChessBase"]
[SourceDate "2017.10.13"]
[SourceVersion "1"]
[SourceVersionDate "2017.10.13"]
[SourceQuality "1"]

1. e4 e6 2. d4 d5 3. exd5 exd5 4. Nf3 Nf6 5. Bd3 Be7 6. h3 0-0 7. 0-0 Re8 8. c3 Nbd7 9. Bf4 Nf8 10. Nbd2 Ng6 11. Be3 Bd6 12. Qc2 Nf4 13. Bxf4 Bxf4 14. Rfe1 Be6 15. Ne5 g6 16. Ndf3 Bh6 17. g4 Bg7 18. Ng5 Nd7 19. Nxe6 Rxe6 20. f4 Nxe5 21. dxe5 Qh4 22. Qg2 c6 23. Re2 Rae8 24. c4 d4 25. c5 Kh8 26. Bc4 R6e7 27. Rd1 g5 28. Rxd4 gxf4 29. Rxf4 Qg5 30. Qf1 Rxe5 31. Rxe5 Qxe5 32. Bxf7 Qxc5+ 33. Qf2 Qc1+ 34. Kg2 Rd8 35. Re4 Qb1 36. Qe2 Qxb2 37. Qxb2 Bxb2 38. Re7 Rb8 39. Be6 Bg7 40. g5 h6 41. gxh6 Bxh6 42. Bf5 Bg5 43. Rd7 a5 44. Rc7 Bf4 45. Rc8+ Rxc8 46. Bxc8 b6 47. Bd7 c5 48. Bb5 Kg7 49. Kf3 1/2-1/2

[Event "RUS-chT U20"]
[Site "Kaliningrad"]
[Date "2013.08.04"]
[Round "3"]
[White "Mamedov, Elmin"]
[Black "Andriyanov, Ivan"]
[Result "1/2-1/2"]
[WhiteElo "2023"]
[BlackElo "2066"]
[PlyCount "80"]
[EventDate "2013.08.02"]
[EventType "team-swiss"]
[EventRounds "9"]
[EventCountry "RUS"]
[SourceTitle "EXT 2018"]
[Source "ChessBase"]
[SourceDate "2017.10.13"]
[SourceVersion "1"]
[SourceVersionDate "2017.10.13"]
[SourceQuality "1"]

1. Nf3 d5 2. g3 Nf6 3. Bg2 c6 4. d3 Bf5 5. 0-0 h6 6. c3 e6 7. Re1 Be7 8. Qb3 Qb6 9. Nbd2 0-0 10. Qxb6 axb6 11. e4 Bh7 12. exd5 Nxd5 13. d4 Nd7 14. Nc4 b5 15. Ne3 N7b6 16. Nxd5 cxd5 17. Bf1 b4 18. Bd2 bxc3 19. Bxc3 Na4 20. Ne5 Rfc8 21. Re3 Nxc3 22. bxc3 Ra3 23. c4 Rxe3 24. fxe3 dxc4 25. Nxc4 Bb4 26. a3 Be7 27. a4 Bc2 28. a5 Bg5 29. h4 Be7 30. a6 bxa6 31. Rxa6 Bb3 32. Ne5 Bf6 33. Ng4 Rc1 34. Ra8+ Kh7 35. Kf2 Rc2+ 36. Ke1 Rc1+ 37. Kf2 Bc4 38. Bxc4 Rxc4 39. Nxf6+ gxf6 40. Kf3 Kg7 1/2-1/2

[Event "RUS-chT U20"]
[Site "Kaliningrad"]
[Date "2013.08.03"]
[Round "2"]
[White "Mamedov, Elmin"]
[Black "Fedorov, Aisen"]
[Result "1-0"]
[WhiteElo "2023"]
[BlackElo "1909"]
[PlyCount "57"]
[EventDate "2013.08.02"]
[EventType "team-swiss"]
[EventRounds "9"]
[EventCountry "RUS"]
[SourceTitle "EXT 2018"]
[Source "ChessBase"]
[SourceDate "2017.10.13"]
[SourceVersion "1"]
[SourceVersionDate "2017.10.13"]
[SourceQuality "1"]

1. Nf3 Nf6 2. g3 g6 3. Bg2 Bg7 4. 0-0 0-0 5. d3 d6 6. e4 e5 7. c3 Nc6 8. Re1 h6 9. d4 Bg4 10. h3 Bxf3 11. Bxf3 Nd7 12. dxe5 dxe5 13. Be3 Qe7 14. Na3 Kh7 15. Qb3 Nb6 16. Nb5 f5 17. exf5 gxf5 18. a4 Qf7 19. Qxf7 Rxf7 20. a5 Nc4 21. Bd5 Nxe3 22. Bxf7 Nc2 23. Nxc7 Rf8 24. Bd5 Nxe1 25. Rxe1 Rd8 26. a6 Rd7 27. Bxc6 bxc6 28. Ne6 Bh8 29. Nf8+ 1-0

[Event "Chigorin Memorial 20th"]
[Site "St Petersburg"]
[Date "2012.10.31"]
[Round "5"]
[White "Mamedov, Elmin"]
[Black "Mirzoeva, Elmira"]
[Result "0-1"]
[WhiteElo "2088"]
[BlackElo "2283"]
[PlyCount "92"]
[EventDate "2012.10.27"]
[EventType "swiss"]
[EventRounds "9"]
[EventCountry "RUS"]
[SourceTitle "EXT 2013"]
[Source "ChessBase"]
[SourceDate "2012.11.22"]
[SourceVersion "1"]
[SourceVersionDate "2012.11.22"]
[SourceQuality "1"]

1. e4 c6 2. Nc3 d5 3. Nf3 Bg4 4. h3 Bxf3 5. Qxf3 e6 6. Be2 Nf6 7. 0-0 Be7 8. d4 0-0 9. e5 Nfd7 10. Qg3 Kh8 11. f4 c5 12. dxc5 Nc6 13. Bd3 Bh4 14. Qf3 Nxc5 15. Ne2 Be7 16. Be3 Rc8 17. Bxc5 Bxc5+ 18. Kh1 Nb4 19. c3 Nxd3 20. Qxd3 Qb6 21. b3 Qc7 22. Qg3 a6 23. Rad1 Ba7 24. f5 Bb8 25. Kg1 Qxe5 26. Qxe5 Bxe5 27. fxe6 fxe6 28. Rxf8+ Rxf8 29. Rd3 Bc7 30. Nd4 e5 31. Ne6 Bb6+ 32. Kh2 Rf6 33. Rf3 Kg8 34. Ng5 e4 35. Rxf6 gxf6 36. Ne6 Kf7 37. Nd4 Bxd4 38. cxd4 Ke6 39. Kg3 Kd6 40. a4 Ke6 41. Kf4 a5 42. Kg4 h5+ 43. Kf4 Kf7 44. g3 Kg6 45. Ke3 Kg5 46. Kf2 h4 0-1

[Event "Chigorin Memorial 20th"]
[Site "St Petersburg"]
[Date "2012.10.28"]
[Round "2"]
[White "Pitkanen, Juhani"]
[Black "Mamedov, Elmin"]
[Result "1/2-1/2"]
[WhiteElo "1763"]
[BlackElo "2088"]
[PlyCount "58"]
[EventDate "2012.10.27"]
[EventType "swiss"]
[EventRounds "9"]
[EventCountry "RUS"]
[SourceTitle "EXT 2013"]
[Source "ChessBase"]
[SourceDate "2012.11.22"]
[SourceVersion "1"]
[SourceVersionDate "2012.11.22"]
[SourceQuality "1"]

1. d4 Nf6 2. c4 c5 3. d5 d6 4. Nc3 g6 5. e4 Bg7 6. f3 0-0 7. Be3 e6 8. Nge2 exd5 9. cxd5 a6 10. a4 Nbd7 11. Ng3 Rb8 12. Be2 h5 13. 0-0 Ne5 14. Qd2 Kh7 15. h3 Re8 16. f4 Ned7 17. e5 Ng8 18. e6 fxe6 19. dxe6 Rxe6 20. Nge4 Bxc3 21. Nxc3 Ngf6 22. f5 gxf5 23. Rxf5 Qe8 24. Bg5 Kg7 25. Raf1 Kh7 26. Ra1 Kg7 27. Raf1 Kh7 28. Ra1 Kg7 29. Raf1 Kh7 1/2-1/2

[Event "Chigorin Memorial 20th"]
[Site "St Petersburg"]
[Date "2012.10.27"]
[Round "1"]
[White "Mamedov, Elmin"]
[Black "Oparin, Grigoriy"]
[Result "0-1"]
[WhiteElo "2088"]
[BlackElo "2484"]
[PlyCount "68"]
[EventDate "2012.10.27"]
[EventType "swiss"]
[EventRounds "9"]
[EventCountry "RUS"]
[SourceTitle "EXT 2013"]
[Source "ChessBase"]
[SourceDate "2012.11.22"]
[SourceVersion "1"]
[SourceVersionDate "2012.11.22"]
[SourceQuality "1"]

1. e4 c5 2. Ne2 d6 3. Nbc3 Nf6 4. g3 Nc6 5. Bg2 g6 6. 0-0 Bg7 7. f4 0-0 8. d3 Rb8 9. h3 Bd7 10. g4 b5 11. g5 Nh5 12. Nd5 e6 13. Ne3 f6 14. gxf6 Qxf6 15. Qe1 Nd4 16. Nxd4 Qxd4 17. Qh4 Qf6 18. Qxf6 Rxf6 19. Ng4 Rf7 20. Be3 Kh8 21. e5 Ng3 22. Rf3 Nf5 23. exd6 Nxe3 24. Nxe3 Bxb2 25. Re1 Rb6 26. Ng4 Rxd6 27. Ne5 Rf6 28. Kf1 Bc3 29. Nxd7 Rxd7 30. Rb1 b4 31. Rb3 Rd6 32. a3 Ra6 33. axb4 Ra1+ 34. Ke2 cxb4 0-1

[Event "Cherepovets North Cup"]
[Site "Cherepovets"]
[Date "2012.02.27"]
[Round "8"]
[White "Mamedov, Elmin"]
[Black "Chigaev, Maksim"]
[Result "0-1"]
[WhiteElo "2008"]
[BlackElo "2397"]
[PlyCount "76"]
[EventDate "2012.02.22"]
[EventType "tourn"]
[EventRounds "9"]
[EventCountry "RUS"]
[EventCategory "2"]
[SourceTitle "EXT 2013"]
[Source "ChessBase"]
[SourceDate "2012.11.22"]
[SourceVersion "1"]
[SourceVersionDate "2012.11.22"]
[SourceQuality "1"]

1. e4 c5 2. Ne2 Nc6 3. Nbc3 g6 4. g3 Bg7 5. Bg2 d6 6. 0-0 e6 7. f4 Nge7 8. d3 0-0 9. Be3 Nd4 10. Bxd4 cxd4 11. Nb1 Qb6 12. Nd2 Qxb2 13. Nc4 Qb4 14. Rb1 Qc5 15. a4 d5 16. Rb5 Qc7 17. Nd2 Bd7 18. Rb2 dxe4 19. Nxe4 Nd5 20. Qb1 Bc6 21. Rc1 Rab8 22. Qa2 a5 23. Qa3 Rfc8 24. Qd6 Nb4 25. Rxb4 axb4 26. Qxb4 Ra8 27. Ra1 Bd5 28. Rc1 Bc6 29. Ra1 h6 30. Ra2 Bd5 31. Rb2 Qc6 32. a5 f5 33. Nxd4 Bxd4+ 34. Qxd4 fxe4 35. dxe4 Qc4 36. Qf6 Bxe4 37. Rxb7 Qc5+ 38. Kf1 Bxg2+ 0-1

[Event "Cherepovets North Cup"]
[Site "Cherepovets"]
[Date "2012.02.26"]
[Round "7"]
[White "Mamedov, Elmin"]
[Black "Moiseenko, Vadim"]
[Result "1/2-1/2"]
[WhiteElo "2008"]
[BlackElo "2441"]
[PlyCount "32"]
[EventDate "2012.02.22"]
[EventType "tourn"]
[EventRounds "9"]
[EventCountry "RUS"]
[EventCategory "2"]
[SourceTitle "EXT 2013"]
[Source "ChessBase"]
[SourceDate "2012.11.22"]
[SourceVersion "1"]
[SourceVersionDate "2012.11.22"]
[SourceQuality "1"]

1. e4 c6 2. d4 d5 3. Nc3 dxe4 4. Nxe4 Nd7 5. Nf3 Ngf6 6. Nxf6+ Nxf6 7. Bd3 e6 8. 0-0 Be7 9. c3 0-0 10. Qe2 b6 11. Bf4 Bb7 12. Rad1 Re8 13. Rfe1 Rc8 14. Ne5 Qc7 15. Qc2 Bd6 16. h3 Red8 1/2-1/2

[Event "Cherepovets North Cup"]
[Site "Cherepovets"]
[Date "2012.02.24"]
[Round "5"]
[White "Mamedov, Elmin"]
[Black "Mischuk, Dmitry"]
[Result "0-1"]
[WhiteElo "2008"]
[BlackElo "2327"]
[PlyCount "144"]
[EventDate "2012.02.22"]
[EventType "tourn"]
[EventRounds "9"]
[EventCountry "RUS"]
[EventCategory "2"]
[SourceTitle "EXT 2013"]
[Source "ChessBase"]
[SourceDate "2012.11.22"]
[SourceVersion "1"]
[SourceVersionDate "2012.11.22"]
[SourceQuality "1"]

1. e4 e6 2. d4 d5 3. exd5 exd5 4. Bd3 Nc6 5. Ne2 Nf6 6. 0-0 Bd6 7. c3 0-0 8. Bf4 Bg4 9. Bxd6 Qxd6 10. f3 Bh5 11. Ng3 Bg6 12. Na3 a6 13. Nc2 Rae8 14. Qd2 Na5 15. b3 c5 16. Bxg6 hxg6 17. Kh1 c4 18. b4 Nc6 19. Rae1 a5 20. a3 axb4 21. axb4 Rxe1 22. Rxe1 Ra8 23. Ra1 Rxa1+ 24. Nxa1 Na7 25. Nc2 Nb5 26. Ne3 Qa6 27. Nd1 Qa1 28. Ne2 Qb1 29. g3 g5 30. g4 Nh7 31. Kg2 Nf8 32. Ne3 Ng6 33. Nd1 f6 34. Kf2 Kf7 35. Qc1 Qa2 36. Qb2 Qa8 37. Ne3 Qb8 38. Nf1 Nf4 39. Nxf4 Qxf4 40. Qc2 Nd6 41. Kg2 f5 42. h3 Ke6 43. Qe2+ Kd7 44. Ne3 Kc6 45. gxf5 Nxf5 46. Nxf5 Qxf5 47. Qe8+ Qd7 48. Qg6+ Kb5 49. Qxg5 Ka4 50. Qc1 Kb3 51. Qb1+ Kxc3 52. Qa1+ Kxb4 53. Qb2+ Ka5 54. Qa3+ Qa4 55. Qc5+ Qb5 56. Qa3+ Kb6 57. Qd6+ Qc6 58. Qb4+ Kc7 59. Qe7+ Qd7 60. Qc5+ Kb8 61. Qf8+ Qc8 62. Qd6+ Qc7 63. Qf8+ Ka7 64. Qa3+ Kb6 65. Qb4+ Ka6 66. Kf1 Qa5 67. Qd6+ b6 68. Ke2 Qa2+ 69. Ke3 c3 70. f4 Qd2+ 71. Kf3 Qd3+ 72. Kg4 c2 0-1

[Event "Moscow op-E"]
[Site "Moscow"]
[Date "2011.02.04"]
[Round "7.176"]
[White "Molodchin, Vladimir"]
[Black "Mamedov, Elmin"]
[Result "1-0"]
[WhiteElo "2120"]
[BlackElo "1926"]
[PlyCount "96"]
[EventDate "2011.01.29"]
[EventType "swiss"]
[EventRounds "9"]
[EventCountry "RUS"]
[SourceTitle "EXT 2022"]
[Source "ChessBase"]
[SourceDate "2021.10.06"]
[SourceVersion "1"]
[SourceVersionDate "2021.10.06"]
[SourceQuality "1"]

1. c4 Nf6 2. Nc3 g6 3. Nf3 Bg7 4. e4 d6 5. d4 0-0 6. Be2 e5 7. Bg5 h6 8. Be3 Ng4 9. Bc1 exd4 10. Nxd4 Ne5 11. 0-0 Nbc6 12. Nc2 Na5 13. Ne3 g5 14. Bd2 Nac6 15. h3 Nd4 16. Rc1 Ng6 17. Bg4 Nf4 18. Nf5 Bxf5 19. exf5 h5 20. Bxh5 Nxf5 21. Bg4 Nd4 22. Be3 Nfe6 23. Bxe6 Nxe6 24. Qd5 c6 25. Qd3 f5 26. Rcd1 Be5 27. Ne2 f4 28. Qg6+ Ng7 29. Bd4 Qf6 30. Qxf6 Bxf6 31. Rfe1 Nf5 32. Bxf6 Rxf6 33. Nd4 Nxd4 34. Rxd4 Raf8 35. Red1 Rd8 36. Kf1 Re6 37. h4 gxh4 38. Rxf4 Rh6 39. Ke2 Rg6 40. Kf3 Rf8 41. Rdd4 Rgf6 42. Kg4 Kg7 43. Rxf6 Rxf6 44. f3 Rg6+ 45. Kh3 Rh6 46. Rxh4 d5 47. Rxh6 Kxh6 48. cxd5 cxd5 1-0

[Event "Moscow op-E"]
[Site "Moscow"]
[Date "2011.02.01"]
[Round "4.178"]
[White "Mamedov, Elmin"]
[Black "Lagashin, Pavel"]
[Result "1-0"]
[WhiteElo "1926"]
[BlackElo "2160"]
[PlyCount "113"]
[EventDate "2011.01.29"]
[EventType "swiss"]
[EventRounds "9"]
[EventCountry "RUS"]
[SourceTitle "EXT 2022"]
[Source "ChessBase"]
[SourceDate "2021.10.06"]
[SourceVersion "1"]
[SourceVersionDate "2021.10.06"]
[SourceQuality "1"]

1. e4 d5 2. exd5 Nf6 3. d4 Bg4 4. Be2 Bxe2 5. Nxe2 Qxd5 6. 0-0 Nc6 7. Nbc3 Qh5 8. Nf4 Qxd1 9. Rxd1 0-0-0 10. Be3 g5 11. Nfe2 Rg8 12. a3 Ng4 13. Ne4 Nxe3 14. fxe3 e6 15. c4 h5 16. Nf6 Rh8 17. Ng3 h4 18. Nge4 Bh6 19. Ng4 Rdg8 20. Nef6 Rg6 21. d5 Ne5 22. Nxe5 Rxf6 23. Rf1 Bg7 24. Nxf7 Re8 25. Rad1 exd5 26. Rxd5 Rxf1+ 27. Kxf1 Bxb2 28. a4 Rf8 29. Rf5 Kd7 30. e4 Bc1 31. Ne5+ Ke8 32. Nd3 Rxf5+ 33. exf5 Ba3 34. Ke2 g4 35. h3 gxh3 36. gxh3 Kf7 37. Kf3 Kf6 38. Ke4 Bd6 39. Nf2 c6 40. Ng4+ Kg7 41. Ne5 a6 42. Nd3 b5 43. axb5 cxb5 44. c5 Bb8 45. Nb4 a5 46. Na6 Bh2 47. c6 a4 48. c7 Bxc7 49. Nxc7 a3 50. Ne6+ Kf6 51. Nc5 a2 52. Nb3 Ke7 53. Ke5 Kf7 54. f6 Kf8 55. Ke6 Ke8 56. f7+ Kf8 57. Na1 1-0

[Event "EU-ch U12"]
[Site "Batumi"]
[Date "2010.09.27"]
[Round "8"]
[White "Mamedov, Elmin"]
[Black "Sanal, Vahap"]
[Result "0-1"]
[WhiteElo "1926"]
[BlackElo "2170"]
[PlyCount "92"]
[EventDate "2010.09.20"]
[EventType "swiss"]
[EventRounds "9"]
[EventCountry "GEO"]
[SourceTitle "CBM 138 Extra"]
[Source "ChessBase"]
[SourceDate "2010.10.29"]
[SourceVersion "1"]
[SourceVersionDate "2010.10.29"]
[SourceQuality "1"]

1. e4 e5 2. Nf3 Nc6 3. Bb5 a6 4. Ba4 Nf6 5. 0-0 b5 6. Bb3 Be7 7. Re1 d6 8. c3 0-0 9. h3 Na5 10. Bc2 d5 11. d4 dxe4 12. Bxe4 Nxe4 13. Rxe4 f6 14. Nbd2 Bb7 15. Re1 exd4 16. Nxd4 Qd5 17. Qf3 Rae8 18. Qxd5+ Bxd5 19. b4 Nc6 20. Nxc6 Bxc6 21. Nb3 Bd6 22. Be3 Bd5 23. Red1 c6 24. Nd4 Bc7 25. a4 g5 26. a5 Kf7 27. Re1 Kg6 28. g3 h5 29. Rac1 Re7 30. Bd2 Rfe8 31. Rxe7 Rxe7 32. Re1 Rxe1+ 33. Bxe1 Bd6 34. Bd2 c5 35. Nc2 Kf5 36. Kf1 cxb4 37. Nxb4 Bb7 38. Ke2 Bc7 39. f4 Bxa5 40. fxg5 fxg5 41. h4 gxh4 42. gxh4 Bd8 43. Be1 Kg4 44. Nd3 Bxh4 45. Ne5+ Kh3 46. Bd2 Bg3 0-1

[Event "EU-ch U12"]
[Site "Batumi"]
[Date "2010.09.22"]
[Round "3"]
[White "Mamedov, Elmin"]
[Black "Kuzmin, Egor"]
[Result "0-1"]
[WhiteElo "1926"]
[BlackElo "2067"]
[PlyCount "92"]
[EventDate "2010.09.20"]
[EventType "swiss"]
[EventRounds "9"]
[EventCountry "GEO"]
[SourceTitle "CBM 138 Extra"]
[Source "ChessBase"]
[SourceDate "2010.10.29"]
[SourceVersion "1"]
[SourceVersionDate "2010.10.29"]
[SourceQuality "1"]

1. Nf3 d5 2. g3 Nf6 3. Bg2 Bg4 4. 0-0 Nbd7 5. d3 c6 6. Nbd2 e6 7. c3 Be7 8. Qc2 0-0 9. e4 Bh5 10. Re1 b5 11. Nd4 Qb6 12. e5 Ne8 13. N2f3 c5 14. Nb3 Qb8 15. Nbd2 Bg6 16. Bf1 Nb6 17. Qd1 a5 18. d4 c4 19. h4 b4 20. Nh2 h6 21. h5 Bh7 22. f4 Nc7 23. Ndf3 Nb5 24. Bd2 bxc3 25. Bxc3 Nxc3 26. bxc3 Ba3 27. Qd2 Na4 28. Re3 Qb2 29. Qe1 Qb7 30. Qd2 Bb2 31. Rae1 Qe7 32. g4 Qa3 33. Qg2 Bxc3 34. g5 hxg5 35. Qxg5 Kh8 36. R1e2 Rg8 37. Ng4 Qf8 38. Rh2 Qd8 39. Qxd8 Raxd8 40. Ng5 Rd7 41. Kh1 Bf5 42. Be2 Bd2 43. h6 Bxe3 44. hxg7+ Kxg7 45. Nf6 Rb7 46. Rg2 Rb1+ 0-1

[Event "Kostroma Volga Cup op"]
[Site "Kostroma"]
[Date "2010.07.??"]
[Round "4"]
[White "Bezgodova, Svetlana"]
[Black "Mamedov, Elmin"]
[Result "1-0"]
[WhiteElo "2114"]
[BlackElo "1875"]
[PlyCount "101"]
[EventDate "2010.07.??"]
[EventType "swiss"]
[EventRounds "9"]
[EventCountry "RUS"]
[SourceTitle "EXT 2011"]
[Source "ChessBase"]
[SourceDate "2010.11.26"]
[SourceVersion "1"]
[SourceVersionDate "2010.11.26"]
[SourceQuality "1"]

1. Nf3 Nf6 2. g3 g6 3. b3 Bg7 4. Bb2 d6 5. d4 0-0 6. Bg2 Nbd7 7. 0-0 c5 8. c4 Rb8 9. Nc3 a6 10. Rc1 b5 11. dxc5 Nxc5 12. cxb5 axb5 13. Nd4 Bd7 14. b4 Ne6 15. Nc6 Bxc6 16. Bxc6 Nd7 17. Qd2 Nd4 18. Bg2 Ne5 19. Nd5 Ne6 20. Qc2 Nc4 21. Bxg7 Nxg7 22. a4 e6 23. Nf4 d5 24. a5 Rc8 25. Rfd1 Qe7 26. Qc3 Nf5 27. Nd3 Nfd6 28. Qa1 f5 29. Nf4 Ne4 30. Qd4 g5 31. Nd3 Qf6 32. Qxf6 Nxf6 33. Nc5 Kf7 34. Nb3 Ne8 35. f3 Ned6 36. e4 Ne3 37. Rxc8 Rxc8 38. Rc1 Ndc4 39. exd5 exd5 40. Bf1 Nxf1 41. Kxf1 d4 42. Kf2 Rd8 43. Rd1 d3 44. a6 Nb2 45. Rd2 Nc4 46. Ra2 Nb6 47. a7 f4 48. Ke1 h6 49. Ra6 Na8 50. Rxh6 Nc7 51. Rh7+ 1-0